| 000 | 00837nam a2200181 i 4500 | ||
|---|---|---|---|
| 001 | 125475 | ||
| 003 | ES-MaACL | ||
| 005 | 20230906192634.0 | ||
| 007 | t| | ||
| 008 | 070613s1909 sp ||||1| spa d | ||
| 100 | 1 |
_aVictory, Antonio. _9114404 |
|
| 245 | 1 | 0 |
_aAsia _b: estado geográfico-político actual, China, Corea y Japón, el peligro amarillo, el conflicto yanqui-japonés / _cconferencias leídas por el presidente del Ateneo D. Antonio Victory, en los días 23 de noviembre y 5 y 20 de diciembre de 1908. |
| 260 |
_aMahón : _bAteneo Científico, Literario y Artístico, _c1909. |
||
| 300 |
_a84 p. ; _c21 cm. |
||
| 500 | _aPrecede al tít.: Curso de geografía política 1908-1909. | ||
| 710 | 2 |
_aAteneo Científico, Literario y Artístico de Mahón. _9141489 |
|
| 852 |
_aES-MaACL _jT-1157-F-1 _q. - Ded. autógr. del autor |
||
| 999 |
_c125475 _d125475 |
||